[Event "Hamburger SK IV - SK Weisse Dame"]
[Site "Landesliga Hamburg 2022/23"]
[Date "2023.02.26"]
[Round "6.24"]
[White "Colpe, Helge"]
[Black "Parnitzke, Lennert"]
[Result "1-0"]
[WhiteElo "2025"]
[BlackElo "1786"]
[PlyCount "99"]

1. d4 d5 2. c4 e5 3. e3 exd4 4. exd4 Nf6 5. Nf3 Be7 6. Be2 O-O 7. O-O dxc4 8. Bxc4 Nbd7 9. Nc3 Nb6 10. Be2 Nbd5 11. a3 h6 12. Qc2 Be6 13. Rd1 a5 14. Ne5 Qc8 15. Na4 Rb8 16. Bd2 Bf5 17. Bd3 Bxd3 18. Qxd3 Ra8 19. Rac1 Bd6 20. Re1 c6 21. Qf3 Qc7 22. Nc5 Rfe8 23. Ncd3 Rad8 24. h3 Qb6 25. Rc4 Qb5 26. Rec1 Nb6 27. R4c2 a4 28. Bxh6 Bxe5 29. Rc5 Qb3 30. R1c3 Qe6 31. Rxe5 Qd6 32. Rxe8+ Rxe8 33. Be3 Nbd5 34. Rc1 Re7 35. Bg5 Re4 36. Be3 Re7 37. Nc5 Nb6 38. Qd1 Nfd5 39. Bg5 f6 40. Bh4 Qf4 41. Bg3 Qg5 42. Rc2 Ne3 43. fxe3 Qxg3 44. e4 Nd5 45. Qf3 Qe1+ 46. Kh2 Qb1 47. Rf2 b6 48. exd5 bxc5 49. d6 Re6 50. dxc5 1-0

[Event "SC Diogenes II - TV Fischbek"]
[Site "Landesliga Hamburg 2022/23"]
[Date "2023.02.26"]
[Round "6.25"]
[White "Serrer, Christoph"]
[Black "Apitzsch, Leon Fabian"]
[Result "1-0"]
[WhiteElo "2269"]
[BlackElo "1990"]
[PlyCount "55"]

1. d4 d5 2. Nf3 Nf6 3. c4 c6 4. e3 e6 5. b3 Nbd7 6. Bd3 Be7 7. O-O O-O 8. Nc3 c5 9. cxd5 exd5 10. Bb2 b6 11. Qe2 Bb7 12. Rfd1 Re8 13. Rac1 Bd6 14. Ba6 Qc8 15. Bxb7 Qxb7 16. dxc5 bxc5 17. Qb5 Qb6 18. Qxb6 axb6 19. Nxd5 Bb8 20. Nxf6+ Nxf6 21. Bxf6 gxf6 22. a4 Re4 23. Rd8+ Kg7 24. g3 Re7 25. Nh4 Rea7 26. Rc4 h5 27. Rd5 Kh6 28. Nf3 1-0

[Event "SC Diogenes II - TV Fischbek"]
[Site "Landesliga Hamburg 2022/23"]
[Date "2023.02.26"]
[Round "6.26"]
[White "Rieling, Thomas"]
[Black "de Voogt, Juergen"]
[Result "0-1"]
[WhiteElo "2064"]
[BlackElo "2252"]
[PlyCount "70"]

1. e4 c5 2. Nc3 a6 3. f4 e6 4. Nf3 b5 5. d4 cxd4 6. Nxd4 Bb7 7. Bd3 Bc5 8. Nb3 Be7 9. O-O d6 10. Be3 Nd7 11. a4 b4 12. Ne2 Ngf6 13. Ng3 h5 14. Qe1 Ng4 15. Bd4 h4 16. Nh1 e5 17. h3 Ngf6 18. Qxb4 Rb8 19. Ba7 d5 20. Qe1 Ra8 21. fxe5 Nxe5 22. Bd4 Nxd3 23. cxd3 dxe4 24. dxe4 Nxe4 25. Qa5 O-O 26. Nf2 Ng3 27. Rfe1 Re8 28. Rad1 Qd7 29. Nc5 Bxc5 30. Qxc5 Rac8 31. Rxe8+ Rxe8 32. Qg5 Ne2+ 33. Kf1 Nxd4 34. Qxh4 Qc6 35. Qxd4 Qxg2# 0-1

[Event "SC Diogenes II - TV Fischbek"]
[Site "Landesliga Hamburg 2022/23"]
[Date "2023.02.26"]
[Round "6.27"]
[White "Kneip, Jakob"]
[Black "Bartels, Holger"]
[Result "1-0"]
[WhiteElo "2118"]
[BlackElo "2020"]
[PlyCount "73"]

1. e4 c5 2. Nf3 Nc6 3. d4 cxd4 4. Nxd4 Qb6 5. Nb3 Nf6 6. Nc3 e6 7. Bd3 a6 8. f4 d6 9. Qf3 Be7 10. Be3 Qc7 11. g4 Nd7 12. g5 b5 13. O-O-O Bb7 14. Qh3 b4 15. Ne2 O-O-O 16. Kb1 Kb8 17. Rhg1 Nb6 18. Qf1 Na4 19. Ned4 Nc5 20. Nxc5 dxc5 21. Nf3 Na5 22. Qf2 Rc8 23. b3 Rhf8 24. Nd2 Bd8 25. Qe2 Qc6 26. Qh5 Bb6 27. Rge1 c4 28. Nxc4 Nxc4 29. Bxc4 Bxe3 30. Rxe3 Qc5 31. Qe2 a5 32. Red3 a4 33. Rd4 e5 34. fxe5 a3 35. Qd2 Rce8 36. Bd5 Bxd5 37. exd5 1-0

[Event "SC Diogenes II - TV Fischbek"]
[Site "Landesliga Hamburg 2022/23"]
[Date "2023.02.26"]
[Round "6.28"]
[White "Hohlfeld, Wolfgang"]
[Black "Brandt, Carina"]
[Result "1/2-1/2"]
[WhiteElo "2056"]
[BlackElo "2056"]
[PlyCount "49"]

1. e4 c5 2. c3 Nf6 3. e5 Nd5 4. d4 Nc6 5. Nf3 d6 6. exd6 exd6 7. Be2 Be7 8. O-O O-O 9. c4 Nc7 10. Nc3 f5 11. Nd5 Nxd5 12. cxd5 Nb8 13. dxc5 dxc5 14. d6 Qxd6 15. Bc4+ Kh8 16. Qxd6 Bxd6 17. Ng5 Bc7 18. Nf7+ Kg8 19. Ng5+ Kh8 20. Be3 Bb6 21. Nf7+ Kg8 22. Ng5+ Kh8 23. Nf7+ Kg8 24. Ng5+ Kh8 25. Nf7+ 1/2-1/2

[Event "SC Diogenes II - TV Fischbek"]
[Site "Landesliga Hamburg 2022/23"]
[Date "2023.02.26"]
[Round "6.29"]
[White "Rolf, Marco"]
[Black "Hein, Ralf"]
[Result "1-0"]
[WhiteElo "2076"]
[BlackElo "2048"]
[PlyCount "93"]

1. d4 d5 2. c4 e6 3. Nc3 Nf6 4. cxd5 exd5 5. Bg5 c6 6. e3 Be7 7. Bd3 h6 8. Bh4 O-O 9. Qc2 a5 10. Nf3 Nbd7 11. O-O Ne8 12. Bxe7 Qxe7 13. a3 Nd6 14. b4 f5 15. b5 Ne4 16. bxc6 bxc6 17. Na4 Rf6 18. Rfc1 Ba6 19. Bxa6 Rxa6 20. Qd3 Ra7 21. Rab1 g5 22. Nb6 Qf8 23. Nxd7 Rxd7 24. Ne5 Rc7 25. f3 Nd6 26. Rxc6 Qc8 27. Rbc1 Rxc6 28. Rxc6 Qb7 29. Qc2 Qb5 30. Rc5 Qb7 31. Qa2 f4 32. e4 Kg7 33. Rxd5 a4 34. Nd3 Nb5 35. Nc5 Nc3 36. Qc2 Qb1+ 37. Qxb1 Nxb1 38. Rd7+ Kg6 39. e5 Rf8 40. Rd6+ Kh5 41. Ne6 Rf7 42. Nc5 Nxa3 43. e6 Rf8 44. Ne4 Nc4 45. e7 Rb8 46. g4+ fxg3 47. Nxg3+ 1-0

[Event "SC Diogenes II - TV Fischbek"]
[Site "Landesliga Hamburg 2022/23"]
[Date "2023.02.26"]
[Round "6.30"]
[White "Kalla, Christian"]
[Black "Schneider, Alexander"]
[Result "0-1"]
[WhiteElo "1994"]
[BlackElo "2074"]
[PlyCount "76"]

1. e4 c5 2. c3 d5 3. exd5 Qxd5 4. d4 cxd4 5. cxd4 Nc6 6. Nf3 e6 7. Nc3 Qa5 8. Bd2 Qd8 9. Bb5 a6 10. Bd3 Nxd4 11. Nxd4 Qxd4 12. Be3 Qe5 13. Qf3 Bc5 14. O-O Bxe3 15. fxe3 Nf6 16. Ne4 Ke7 17. Rac1 Rd8 18. Rc5 Rd5 19. b4 Bd7 20. Nxf6 gxf6 21. Rxd5 exd5 22. Re1 Bc6 23. Qe2 h5 24. Rf1 Bd7 25. Rc1 Rg8 26. Kh1 h4 27. e4 Bg4 28. Qf2 d4 29. Rc5 Qb8 30. h3 Be6 31. Qxh4 Rg3 32. Bc4 Bxc4 33. Rxc4 Rc3 34. Rc5 b6 35. Rxc3 dxc3 36. Qf2 Qd6 37. h4 Qd1+ 38. Kh2 Qd2 0-1

[Event "SC Diogenes II - TV Fischbek"]
[Site "Landesliga Hamburg 2022/23"]
[Date "2023.02.26"]
[Round "6.31"]
[White "Serrer, David"]
[Black "Buchholz, Robert"]
[Result "1-0"]
[WhiteElo "1770"]
[BlackElo "2004"]
[PlyCount "109"]

1. e4 d5 2. exd5 Nf6 3. Nf3 Nxd5 4. d4 Bg4 5. c4 Nb6 6. c5 N6d7 7. Bc4 e6 8. O-O c6 9. h3 Bf5 10. Qb3 b5 11. cxb6 axb6 12. Nc3 Be7 13. Re1 O-O 14. Bf4 b5 15. Bf1 Nb6 16. Rac1 N8d7 17. Ne4 Nd5 18. Bg3 Ra6 19. Ne5 Nxe5 20. Bxe5 Qb6 21. Nc5 Ra7 22. a3 Rd8 23. Bd3 Bxd3 24. Qxd3 Bf6 25. Qg3 Bxe5 26. dxe5 Ne7 27. Rc2 Rd5 28. Ne4 Rd8 29. Rec1 Rc7 30. Nd6 Nf5 31. Nxf5 exf5 32. Qf3 g6 33. Rxc6 Rxc6 34. Rxc6 Rd1+ 35. Qxd1 Qxc6 36. Qd8+ Kg7 37. Qf6+ Qxf6 38. exf6+ Kxf6 39. f4 Ke6 40. b3 Kd5 41. Kf2 Kd4 42. a4 bxa4 43. bxa4 Kc4 44. Ke3 f6 45. a5 Kb5 46. Kd4 g5 47. a6 Kxa6 48. g3 Kb5 49. Kd5 h5 50. h4 g4 51. Ke6 Kc5 52. Kxf6 Kd4 53. Kxf5 Ke3 54. Kg5 Kf3 55. f5 1-0

[Event "SC Diogenes II - TV Fischbek"]
[Site "Landesliga Hamburg 2022/23"]
[Date "2023.02.26"]
[Round "6.32"]
[White "Zehic, Emir"]
[Black "Egelriede, Nikolas"]
[Result "1-0"]
[WhiteElo "1734"]
[BlackElo "1865"]
[PlyCount "79"]

1. e4 d5 2. exd5 Qxd5 3. Nc3 Qd6 4. Bc4 Nf6 5. h3 a6 6. Nf3 b5 7. Bb3 Bb7 8. d4 e6 9. Be3 Nbd7 10. a3 c5 11. Qe2 c4 12. Ba2 Be7 13. Rd1 O-O 14. O-O Rfe8 15. Bg5 Qc6 16. Rfe1 Nb6 17. Bxf6 Bxf6 18. Ne4 Be7 19. c3 Nd5 20. Bb1 Rad8 21. Ne5 Qc7 22. Qh5 g6 23. Qh6 Bf8 24. Qh4 Qe7 25. Qg3 Bg7 26. h4 Nf6 27. Nxf6+ Bxf6 28. h5 Bxe5 29. Rxe5 Rd5 30. hxg6 hxg6 31. Rde1 Qf6 32. f4 Kf8 33. Be4 Rxe5 34. fxe5 Qe7 35. Bxg6 fxg6 36. Qxg6 Bxg2 37. Kxg2 Qb7+ 38. Kg1 Qd5 39. Qf6+ Kg8 40. Re2 1-0

[Event "SV Diagonale Harburg - SK Johanneum Eppendorf II"]
[Site "Landesliga Hamburg 2022/23"]
[Date "2023.02.26"]
[Round "6.33"]
[White "Wenzel, Birger"]
[Black "Fries-Nielsen, Niels Jorgen"]
[Result "1/2-1/2"]
[WhiteElo "1999"]
[BlackElo "2286"]
[PlyCount "36"]

1. Nf3 Nf6 2. g3 d5 3. Bg2 c6 4. c4 dxc4 5. O-O Bf5 6. Na3 e5 7. Nxc4 e4 8. Ne1 Bc5 9. Nc2 b5 10. N4e3 Bg6 11. b4 Bb6 12. Bb2 O-O 13. a4 Nbd7 14. Nd4 Bxd4 15. Bxd4 Nb6 16. Bxb6 Qxb6 17. Qc2 Rfd8 18. Rfc1 Rd6 1/2-1/2

[Event "SV Diagonale Harburg - SK Johanneum Eppendorf II"]
[Site "Landesliga Hamburg 2022/23"]
[Date "2023.02.26"]
[Round "6.34"]
[White "Andries, Alf"]
[Black "Kussin, Bernd"]
[Result "1-0"]
[WhiteElo "1998"]
[BlackElo "2105"]
[PlyCount "89"]

1. e4 c5 2. Nf3 d6 3. d4 cxd4 4. Nxd4 Nf6 5. Nc3 Nc6 6. Bg5 e6 7. Qd2 a6 8. O-O-O Bd7 9. f3 b5 10. Nxc6 Bxc6 11. Bd3 Be7 12. h4 Qc7 13. Ne2 a5 14. Nd4 Rb8 15. Qc3 Kd7 16. Nxc6 Qxc6 17. Qxa5 Rhc8 18. Kb1 Ke8 19. Qe1 b4 20. Qe2 h6 21. Be3 Nd7 22. Bd4 Kf8 23. f4 e5 24. fxe5 Nxe5 25. Bxe5 dxe5 26. g4 Ra8 27. Rdf1 Rc7 28. Rh3 Qe6 29. b3 Bc5 30. Bc4 Qg6 31. Rhf3 f6 32. a4 Bd4 33. Rf5 Rd7 34. g5 Rd6 35. h5 Qe8 36. gxf6 g5 37. hxg6 Qxg6 38. Qh5 Qxh5 39. Rxh5 Be3 40. Rxe5 Re8 41. Rxe8+ Kxe8 42. e5 Rd2 43. e6 Rf2 44. Rxf2 Bxf2 45. e7 1-0

[Event "SV Diagonale Harburg - SK Johanneum Eppendorf II"]
[Site "Landesliga Hamburg 2022/23"]
[Date "2023.02.26"]
[Round "6.36"]
[White "Syed, Tareq"]
[Black "Zobel, Andrej"]
[Result "0-1"]
[WhiteElo "1954"]
[BlackElo "2051"]
[PlyCount "114"]

1. d3 d5 2. g3 e5 3. Bg2 c5 4. Nf3 Nc6 5. O-O f6 6. b3 Be6 7. Bb2 Nh6 8. c4 d4 9. Na3 Qd7 10. Nc2 Be7 11. e3 Rd8 12. exd4 cxd4 13. Re1 O-O 14. Qd2 Nf7 15. b4 Rfe8 16. b5 Nb8 17. a4 Bf8 18. Rab1 Qc8 19. Na1 Nd7 20. Nb3 Nc5 21. Nxc5 Bxc5 22. Bc1 Nd6 23. Qd1 Bg4 24. Qb3 e4 25. dxe4 Nxe4 26. Bb2 d3 27. Nd4 Be2 28. Bxe4 Rxe4 29. Nxe2 d2 30. Rf1 Rxe2 31. Kg2 Rxf2+ 32. Rxf2 Bxf2 33. Qf3 Be1 34. Qe2 Qf5 35. Rd1 Kf7 36. Ba3 Qe5 37. Qxe5 fxe5 38. Bc5 b6 39. Bf2 Bxf2 40. Kxf2 Rd4 41. Ke2 Ke6 42. Rxd2 Rxd2+ 43. Kxd2 Kd6 44. Kd3 Kc5 45. h4 e4+ 46. Kxe4 Kxc4 47. Ke5 Kb4 48. Ke6 Kxa4 49. Kf7 Kxb5 50. Kxg7 a5 51. Kxh7 a4 52. g4 a3 53. g5 a2 54. g6 a1=Q 55. h5 Kc6 56. g7 Qb1+ 57. Kg8 Qf5 0-1

[Event "SV Diagonale Harburg - SK Johanneum Eppendorf II"]
[Site "Landesliga Hamburg 2022/23"]
[Date "2023.02.26"]
[Round "6.38"]
[White "Holst, Marten"]
[Black "Dumjahn, Carsten"]
[Result "0-1"]
[WhiteElo "1910"]
[BlackElo "1961"]
[PlyCount "44"]

1. a3 d5 2. Nf3 g6 3. d4 Bg7 4. Bf4 c5 5. c3 Qb6 6. Qc1 Nc6 7. dxc5 Qxc5 8. b4 Qb6 9. e3 Nf6 10. Be2 O-O 11. O-O Ne4 12. Ra2 e5 13. Bg3 Be6 14. Rc2 Bf5 15. Ra2 Rac8 16. c4 dxc4 17. Nbd2 Nxg3 18. hxg3 c3 19. Nc4 Qc7 20. Rd1 Rfd8 21. Rxd8+ Qxd8 22. Ne1 b5 0-1

[Event "SV Diagonale Harburg - SK Johanneum Eppendorf II"]
[Site "Landesliga Hamburg 2022/23"]
[Date "2023.02.26"]
[Round "6.39"]
[White "Schmidt, Armin"]
[Black "Haschimi, Haschem"]
[Result "1-0"]
[WhiteElo "1965"]
[BlackElo "1828"]
[PlyCount "57"]

1. c4 Nf6 2. Nf3 e6 3. g3 d5 4. d4 c5 5. Bg2 Nc6 6. cxd5 exd5 7. O-O Qb6 8. Nc3 c4 9. e4 dxe4 10. Re1 Bb4 11. Ng5 O-O 12. Ngxe4 Nxe4 13. Bxe4 Qxd4 14. Qc2 h6 15. Be3 Qd8 16. Red1 Qe8 17. Nd5 Ba5 18. Bc5 Be6 19. Bxf8 Qxf8 20. Qxc4 f5 21. Bg2 Qf7 22. Qa4 Bc7 23. Nxc7 Qxc7 24. Bd5 Bxd5 25. Rxd5 Rf8 26. Qf4 Qc8 27. Rad1 Ne7 28. Rd7 Re8 29. Qc7 1-0

[Event "TV Fischbek - Hamburger SK V"]
[Site "Landesliga Hamburg 2022/23"]
[Date "2023.04.02"]
[Round "7.1"]
[White "Engel, Robert"]
[Black "Serrer, Christoph"]
[Result "1/2-1/2"]
[WhiteElo "2128"]
[BlackElo "2272"]
[PlyCount "36"]

1. e4 e5 2. Nf3 Nc6 3. Bb5 a6 4. Ba4 Nf6 5. O-O Be7 6. d3 b5 7. Bb3 d6 8. a3 O-O 9. Nc3 Bg4 10. Be3 Na5 11. Ba2 c5 12. b4 Nc6 13. Nd5 Nd4 14. Bxd4 cxd4 15. h3 Be6 16. c4 dxc3 17. Nxc3 Qd7 18. d4 Rfc8 1/2-1/2

[Event "TV Fischbek - Hamburger SK V"]
[Site "Landesliga Hamburg 2022/23"]
[Date "2023.04.02"]
[Round "7.2"]
[White "de Voogt, Juergen"]
[Black "Fuhrmann, Bahne"]
[Result "0-1"]
[WhiteElo "2258"]
[BlackElo "2035"]
[PlyCount "150"]

1. e4 e5 2. d4 exd4 3. Qxd4 Nc6 4. Qe3 Bb4+ 5. Nc3 Nf6 6. Bd2 O-O 7. O-O-O d6 8. f3 Ne5 9. g4 c6 10. h4 Bc5 11. Qf4 h5 12. Na4 Bd4 13. Bb4 Ng6 14. Qg5 Be5 15. Ne2 Nh7 16. Qe3 a5 17. Be1 Bf6 18. gxh5 Ne5 19. Nf4 b5 20. Nb6 Rb8 21. Nxc8 Rxc8 22. Bc3 Qe7 23. b3 a4 24. Be2 Bxh4 25. Ng2 Bf6 26. f4 Nd7 27. Bf3 Rfe8 28. Rhe1 Rcd8 29. e5 Nxe5 30. Qf2 Qc7 31. fxe5 dxe5 32. Rxd8 Rxd8 33. Be4 Ng5 34. Bd2 Qd6 35. Bxg5 Bxg5+ 36. Kb1 axb3 37. cxb3 c5 38. Ne3 Qd4 39. Bc2 Bh4 40. Qf5 e4 41. Bxe4 Bxe1 42. Qh7+ Kf8 43. Qh8+ Ke7 44. Nf5+ Kd7 45. Qxd8+ Kxd8 46. Nxd4 cxd4 47. a4 bxa4 48. bxa4 Ke7 49. Kc2 Kf6 50. Kd3 Kg5 51. Bf3 Bc3 52. Bd1 Kf4 53. Be2 f5 54. Bd1 Kg3 55. Be2 Kf2 56. Bd1 Ke1 57. Bf3 Kf1 58. Bd5 Kf2 59. Be6 f4 60. a5 Bxa5 61. Kxd4 f3 62. Bd5 Ke2 63. Bc4+ Ke1 64. Ke4 f2 65. h6 gxh6 66. Kf3 f1=Q+ 67. Bxf1 Kxf1 68. Kg3 Kg1 69. Kh3 Be1 70. Kg4 Kg2 71. Kh5 Bd2 72. Kh4 Bc1 73. Kg4 Bg5 74. Kh5 Kg3 75. Kg6 Kg4 0-1

[Event "TV Fischbek - Hamburger SK V"]
[Site "Landesliga Hamburg 2022/23"]
[Date "2023.04.02"]
[Round "7.3"]
[White "Schellhorn, Wolfgang"]
[Black "Kneip, Jakob"]
[Result "1-0"]
[WhiteElo "2094"]
[BlackElo "2134"]
[PlyCount "97"]

1. e4 c5 2. Nf3 e6 3. d4 cxd4 4. Nxd4 Nc6 5. Nc3 Qc7 6. Be2 a6 7. a3 b5 8. O-O Bb7 9. Be3 Nf6 10. f4 d6 11. Bf3 Nxd4 12. Bxd4 e5 13. Be3 Rc8 14. Qe1 h5 15. h3 Be7 16. Qg3 h4 17. Qf2 Nh5 18. Bxh5 Rxh5 19. fxe5 f5 20. Qe2 Rh7 21. exd6 Bxd6 22. exf5 Kf8 23. Qg4 Re8 24. Bd4 Bg3 25. f6 g6 26. Qxg6 Qc6 27. Rf3 Rf7 28. Be3 Rxe3 29. Qh6+ Kg8 30. Qxe3 Bc7 31. Qg5+ Kf8 32. Qxh4 Kg8 33. Qg4+ Kf8 34. Qh5 Kg8 35. Qg4+ Kf8 36. Qh5 Kg8 37. Qg6+ Kf8 38. Rf5 Qc4 39. Re1 Qd4+ 40. Kf1 Qc4+ 41. Re2 Qh4 42. Re7 Qc4+ 43. Ne2 Rxe7 44. fxe7+ Kxe7 45. Qg7+ Kd6 46. Rf6+ Kd5 47. Qd7+ Ke4 48. Re6+ Be5 49. Qxb7+ 1-0

[Event "TV Fischbek - Hamburger SK V"]
[Site "Landesliga Hamburg 2022/23"]
[Date "2023.04.02"]
[Round "7.4"]
[White "Brandt, Carina"]
[Black "Klaas, Heiko"]
[Result "1/2-1/2"]
[WhiteElo "2069"]
[BlackElo "1965"]
[PlyCount "119"]

1. e4 e5 2. Nf3 Nc6 3. Bc4 Bc5 4. c3 Nf6 5. d4 exd4 6. e5 d5 7. Bb5 Ne4 8. cxd4 Bb6 9. Nc3 O-O 10. Be3 Bg4 11. h3 Bh5 12. Qc2 Ba5 13. a3 Nxc3 14. bxc3 Ne7 15. Bd3 Bg6 16. O-O Qd7 17. Nh4 Bxd3 18. Qxd3 f6 19. f4 fxe5 20. dxe5 Rac8 21. c4 c5 22. f5 d4 23. e6 Qe8 24. Bg5 Nc6 25. g4 Bd8 26. Bxd8 Qxd8 27. Ng2 Qd6 28. Rae1 a6 29. a4 Nb4 30. Qe4 Qc6 31. Qxc6 Rxc6 32. Nf4 Rd6 33. Re5 Rc8 34. Nd5 Nxd5 35. Rxd5 Rcc6 36. Rxd6 Rxd6 37. Rb1 d3 38. Kf2 Kf8 39. a5 Rd4 40. Ke3 d2 41. Ke2 g6 42. Kd1 gxf5 43. gxf5 Rf4 44. Rxb7 Rxf5 45. Rxh7 Re5 46. e7+ Kg8 47. Rh6 Rxe7 48. Rxa6 Re4 49. Rc6 Rxc4 50. Rc7 Ra4 51. Rxc5 Ra2 52. h4 Kg7 53. h5 Kh6 54. Rd5 Kg7 55. Ke2 Kh6 56. Rb5 Kg7 57. Rg5+ Kh6 58. Rd5 Kg7 59. Kf3 Rxa5 60. Rxd2 1/2-1/2

[Event "TV Fischbek - Hamburger SK V"]
[Site "Landesliga Hamburg 2022/23"]
[Date "2023.04.02"]
[Round "7.5"]
[White "Krueger, Arthur"]
[Black "Rolf, Marco"]
[Result "0-1"]
[WhiteElo "1905"]
[BlackElo "2094"]
[PlyCount "54"]

1. e4 e6 2. d4 d5 3. e5 c5 4. c3 Nc6 5. Nf3 Bd7 6. Be2 cxd4 7. cxd4 Nge7 8. Na3 Ng6 9. O-O Be7 10. Nc2 O-O 11. Rb1 f6 12. Bd3 fxe5 13. Bxg6 hxg6 14. dxe5 Qc7 15. Re1 Rf7 16. Ncd4 Raf8 17. a3 Bc5 18. Nxc6 Bxc6 19. Qc2 Rxf3 20. gxf3 Qf7 21. f4 Bb6 22. b4 d4 23. Qd2 g5 24. Qd3 gxf4 25. f3 Qh5 26. Rb3 Rf5 27. b5 Bxf3 0-1

[Event "TV Fischbek - Hamburger SK V"]
[Site "Landesliga Hamburg 2022/23"]
[Date "2023.04.02"]
[Round "7.6"]
[White "Schneider, Alexander"]
[Black "Avdic, Faris"]
[Result "0-1"]
[WhiteElo "2089"]
[BlackElo "2052"]
[PlyCount "64"]

1. e4 e6 2. d4 d5 3. Nc3 Nf6 4. e5 Nfd7 5. f4 c5 6. Nf3 Nc6 7. Be3 Qb6 8. a3 cxd4 9. Nxd4 Bc5 10. Na4 Qa5+ 11. c3 Bxd4 12. Bxd4 Nxd4 13. b4 Nf3+ 14. gxf3 Qd8 15. h4 f6 16. Qd4 O-O 17. Be2 Qc7 18. exf6 Rxf6 19. Rg1 Qxf4 20. Rd1 Ne5 21. Kf2 b6 22. Rg5 Nf7 23. Rg4 Qxd4+ 24. Rgxd4 Bd7 25. b5 Nd6 26. c4 Nf5 27. Rg4 d4 28. Rdg1 e5 29. Bd3 g6 30. h5 Nd6 31. Rh4 Raf8 32. Rg5 Bf5 0-1

[Event "TV Fischbek - Hamburger SK V"]
[Site "Landesliga Hamburg 2022/23"]
[Date "2023.04.02"]
[Round "7.7"]
[White "Fuhrmann, Aake"]
[Black "Egelriede, Nikolas"]
[Result "1-0"]
[WhiteElo "1992"]
[BlackElo "1842"]
[PlyCount "33"]

1. d4 d5 2. c4 c6 3. cxd5 cxd5 4. Nc3 Nf6 5. f3 Nc6 6. e4 e6 7. e5 Nd7 8. f4 Bb4 9. Nf3 O-O 10. Bd3 Nb6 11. Bxh7+ Kh8 12. Ng5 g6 13. Qd3 Kg7 14. Qh3 Rh8 15. f5 exf5 16. Ne6+ fxe6 17. Qh6+ 1-0

[Event "TV Fischbek - Hamburger SK V"]
[Site "Landesliga Hamburg 2022/23"]
[Date "2023.04.02"]
[Round "7.8"]
[White "Schwarzkopf, Joerg"]
[Black "Foo, Tzun Hong"]
[Result "0-1"]
[WhiteElo "1795"]
[BlackElo "1934"]
[PlyCount "118"]

1. e4 c5 2. d3 e6 3. Nf3 Nf6 4. g3 Be7 5. Bg2 O-O 6. O-O d6 7. Nc3 Nbd7 8. Re1 a6 9. h4 b5 10. e5 Nd5 11. exd6 Bxd6 12. Ne4 N7b6 13. b3 Bb7 14. c4 Nb4 15. a3 Nc6 16. Bb2 Qe7 17. Rc1 b4 18. Nxd6 Qxd6 19. d4 Rad8 20. axb4 Nxb4 21. Qe2 Nd7 22. Rcd1 Qc7 23. Qd2 Nf6 24. Qg5 Ne4 25. Qg4 f5 26. Qh5 Rf6 27. Ng5 Rh6 28. Qe2 Nxg5 29. hxg5 Rg6 30. dxc5 Rxd1 31. Qxd1 Bxg2 32. Kxg2 Rxg5 33. Qd6 Qb7+ 34. f3 h6 35. Qxe6+ Kh7 36. Qb6 Qd7 37. Qxb4 f4 38. g4 h5 39. c6 Qxc6 40. Kf2 hxg4 41. Rh1+ Kg6 42. Qc3 Kf7 43. Rh7 Qg6 44. Rxg7+ Qxg7 45. Qxg7+ Rxg7 46. Bxg7 g3+ 47. Kg2 Kxg7 48. b4 Kf7 49. b5 axb5 50. cxb5 Ke7 51. b6 Kd7 52. b7 Kc7 53. b8=Q+ Kxb8 54. Kf1 Kc7 55. Ke2 Kd6 56. Kf1 Ke5 57. Ke2 Kd4 58. Kf1 Ke3 59. Kg1 Ke2 0-1

[Event "SK Johanneum Eppendorf II - SC Diogenes II"]
[Site "Landesliga Hamburg 2022/23"]
[Date "2023.04.02"]
[Round "7.9"]
[White "Apitzsch, Leon Fabian"]
[Black "Kussin, Bernd"]
[Result "1/2-1/2"]
[WhiteElo "1968"]
[BlackElo "2092"]
[PlyCount "112"]

1. e4 c5 2. Nf3 d6 3. Bb5+ Bd7 4. Bxd7+ Qxd7 5. c4 Nc6 6. O-O Nf6 7. Nc3 e6 8. d4 cxd4 9. Nxd4 Be7 10. Be3 O-O 11. f3 a6 12. Qd2 Qc7 13. Rac1 Rac8 14. Nd5 Qd8 15. Nxe7+ Qxe7 16. b4 Rfd8 17. Nxc6 bxc6 18. Rfd1 h6 19. Qc2 Rb8 20. a3 Qb7 21. Qc3 Qe7 22. e5 Ne8 23. exd6 Rxd6 24. Bc5 Rxd1+ 25. Rxd1 Qg5 26. Qd2 Qe5 27. Bf2 Qf5 28. Bg3 Ra8 29. Qd7 Qc2 30. h3 Nf6 31. Qd3 Qxd3 32. Rxd3 Kf8 33. Bc7 Ke8 34. Kf2 Rc8 35. Be5 Ke7 36. g4 g6 37. Ke3 Nd7 38. Bd6+ Kf6 39. h4 Nb6 40. Kd4 Nd7 41. Ke4 g5 42. h5 Re8 43. Bc7 Ke7 44. Bd6+ Kf6 45. Bg3 Ke7 46. Bf2 Rf8 47. Bd4 f5+ 48. gxf5 Rxf5 49. Bg7 Rf4+ 50. Ke3 Rh4 51. Bxh6 Rxh5 52. Bg7 e5 53. Ke4 Rh4+ 54. Kf5 Rxc4 55. Bxe5 Nxe5 56. Kxe5 Rf4 1/2-1/2

[Event "SK Johanneum Eppendorf II - SC Diogenes II"]
[Site "Landesliga Hamburg 2022/23"]
[Date "2023.04.02"]
[Round "7.10"]
[White "Johannsen, Dennis"]
[Black "Neumann, Michael"]
[Result "0-1"]
[WhiteElo "2087"]
[BlackElo "2117"]
[PlyCount "118"]

1. Nf3 g6 2. c4 Bg7 3. Nc3 c5 4. d4 cxd4 5. Nxd4 Nc6 6. Be3 Nf6 7. Nxc6 bxc6 8. Qd2 h5 9. Rd1 d6 10. Bg5 Bf5 11. f3 O-O 12. e4 Be6 13. Be2 Rb8 14. b3 Qa5 15. Na4 Qxd2+ 16. Rxd2 Rfe8 17. Kf2 Nd7 18. c5 d5 19. exd5 Bxd5 20. Re1 Be5 21. Bd3 e6 22. Be3 Bc7 23. Rc2 f5 24. Bg5 Kf7 25. Bc4 Ne5 26. Ba6 Nd7 27. Rd1 Nf6 28. Nc3 Be5 29. Re1 Bd4+ 30. Be3 Bxe3+ 31. Rxe3 Nd7 32. Na4 Rb4 33. Nb2 Kf6 34. Nd3 Rbb8 35. Bc4 a5 36. Nb2 Ne5 37. Bf1 Rb4 38. Na4 Nd7 39. Rd2 g5 40. h3 g4 41. hxg4 hxg4 42. Rc3 gxf3 43. gxf3 Rh8 44. Kg3 Rg8+ 45. Kf2 Rh4 46. Bg2 Ne5 47. Nb6 Rh2 48. Nxd5+ exd5 49. Kf1 Ng6 50. Kg1 Rh4 51. Kf2 Nf4 52. Bf1 Rh2+ 53. Ke1 Rxd2 54. Kxd2 Rg1 55. Ba6 Rg2+ 56. Kd1 Ke5 57. Bc8 d4 58. Rc1 Nd5 59. Bd7 d3 0-1

[Event "SK Johanneum Eppendorf II - SC Diogenes II"]
[Site "Landesliga Hamburg 2022/23"]
[Date "2023.04.02"]
[Round "7.11"]
[White "Hohlfeld, Wolfgang"]
[Black "Keyser, Philipp"]
[Result "1/2-1/2"]
[WhiteElo "2050"]
[BlackElo "2056"]
[PlyCount "80"]

1. e4 c5 2. c3 Nf6 3. e5 Nd5 4. d4 cxd4 5. Nf3 d6 6. Bc4 e6 7. cxd4 Nc6 8. O-O Nb6 9. Bb3 dxe5 10. dxe5 Qc7 11. Qe2 Be7 12. Nc3 a6 13. Bf4 Na5 14. Bc2 Nac4 15. Bd3 Bd7 16. Rac1 Bc6 17. Ne4 Nd5 18. Bg3 Ncb6 19. Nd6+ Bxd6 20. exd6 Qd8 21. Ne5 Bd7 22. Rfd1 Rc8 23. Nxd7 Qxd7 24. Rxc8+ Qxc8 25. Be5 O-O 26. Qe4 f5 27. Qd4 Qd7 28. Bc2 Rc8 29. Bb3 Rc6 30. g4 Qf7 31. Kh1 g6 32. g5 f4 33. d7 Qxd7 34. Bxf4 Qf7 35. Bg3 Qf5 36. Qe5 Qf3+ 37. Kg1 Nd7 38. Qd4 N7b6 39. Qe5 Nd7 40. Qd4 N7b6 1/2-1/2

[Event "SK Johanneum Eppendorf II - SC Diogenes II"]
[Site "Landesliga Hamburg 2022/23"]
[Date "2023.04.02"]
[Round "7.12"]
[White "Zobel, Andrej"]
[Black "Hein, Ralf"]
[Result "1/2-1/2"]
[WhiteElo "2061"]
[BlackElo "2028"]
[PlyCount "154"]

1. d4 d5 2. c4 e6 3. Nc3 Nf6 4. Nf3 c5 5. e3 Nc6 6. a3 cxd4 7. exd4 Be7 8. c5 O-O 9. Bf4 Bd7 10. Bd3 b6 11. b4 bxc5 12. bxc5 Nh5 13. Bd2 f5 14. O-O Nf6 15. Qc2 Ne4 16. Rad1 Bf6 17. Ne2 g5 18. Bc3 g4 19. Bxe4 fxe4 20. Ne5 Bxe5 21. dxe5 Qg5 22. Qd2 Qxd2 23. Rxd2 Rab8 24. Nd4 Nxd4 25. Bxd4 Rb3 26. Ra1 Rfb8 27. Kf1 a5 28. Rc2 Bc6 29. Rc3 Kg7 30. Rac1 a4 31. Ke2 Kg6 32. R1c2 h5 33. Kd2 Rb1 34. h3 R8b3 35. hxg4 hxg4 36. Rxb3 Rxb3 37. Rc3 Rb1 38. g3 Ra1 39. Kc2 Ra2+ 40. Kd1 Kf7 41. Ke1 Ke7 42. Kd1 Kd7 43. Kc1 Bb5 44. Kb1 Re2 45. Kc1 Bc4 46. Rc2 Re1+ 47. Kd2 Rh1 48. Rc1 Rh8 49. Rb1 Bb3 50. Rc1 Kc6 51. Ke2 Bc4+ 52. Kd2 Rf8 53. Kc3 Rf3+ 54. Be3 Rf7 55. Rb1 Bb3 56. Rh1 Rb7 57. Rh6 d4+ 58. Bxd4 Bd5 59. Kc2 Rb3 60. Bb2 Kxc5 61. Bc1 Kc4 62. Rg6 Rc3+ 63. Kb2 Kd3 64. Be3 Rb3+ 65. Kc1 Rxa3 66. Rg7 Ra1+ 67. Kb2 Ra2+ 68. Kb1 a3 69. Ra7 Rb2+ 70. Ka1 Rb3 71. Bc5 a2 72. Rxa2 Rc3 73. Ra3 Rxa3+ 74. Bxa3 e3 75. fxe3 Ke4 76. Be7 Kxe5 77. Kb1 Ke4 1/2-1/2